Quel modele de concurrence dans l'industrie bancaire?
Vklady a úvery - špecifický majetok bánk, ich základná charakteristika. Konkurenčné schopnosti bánk v závislosti od úrovne nákladovosti. Vzťah bánk a bankového priemyslu. Stratégia rastu výnosov. Analýza dokonalej a nedokonalej konkurencie. Konvenčné konkurenčné modely. Pojem deštruktívnej konkurenc...
Salvato in:
| Autore principale: | |
|---|---|
| Natura: | Capitolo di libro |
| Lingua: | francese |
| Soggetti: | |
| Tags: |
Nessun Tag, puoi essere il primo ad aggiungerne!!
|
MARC
| LEADER | 00000naa a2200000 4500 | ||
|---|---|---|---|
| 001 | r010325 | ||
| 005 | 20220913125324.4 | ||
| 041 | 0 | |a fre | |
| 044 | |a FR | ||
| 245 | 1 | 0 | |a Quel modele de concurrence dans l'industrie bancaire? |c M. Dietsch |
| 520 | |a Vklady a úvery - špecifický majetok bánk, ich základná charakteristika. Konkurenčné schopnosti bánk v závislosti od úrovne nákladovosti. Vzťah bánk a bankového priemyslu. Stratégia rastu výnosov. Analýza dokonalej a nedokonalej konkurencie. Konvenčné konkurenčné modely. Pojem deštruktívnej konkurencie. | ||
| 610 | 2 | 0 | |a banky |
| 610 | 2 | 0 | |a konkurencieschopnosť |
| 610 | 2 | 0 | |a vklady |
| 610 | 2 | 0 | |a úver |
| 610 | 2 | 0 | |a náklady |
| 610 | 2 | 0 | |a bankovníctvo |
| 610 | 2 | 0 | |a konkurencia |
| 610 | 2 | 0 | |a modely |
| 100 | 1 | |a Dietsch, M. | |